banner-ar

حفر قناة السويس : (Record no. 58172)

MARC details
000 -الفاتح
حقل البيانات ثابتة الطول 00756nam a2200205Ia 4500
008 - عناصر البيانات ثابتة الطول - معلومات عامة
حقل البيانات ثابتة الطول 140319s9999 xx 000 0 ara d
040 ## - مصدر الفهرسة
وكالة الفهرسة الأصلية GCL /
وكالة النسخ GCL
082 04 - رقم تصنيف ديوى العشرى
رقم التصنيف ق
رقم المادة 386.43
-- م ق
100 1# - المدخل الرئيسى - إسم شخصى
الإسم الشخصى مونتل، نتالى
245 10 - بيان العنوان
العنوان حفر قناة السويس :
بقية العنوان المشروع والتنفيذ ( 1859 - 1869 ) /
بيان المسئوليه,etc مونتل، نتالى
700 1# - المدخل الاضافى - اسم شخصى
الإسم الشخصى عباس ابوغزالة
250 ## - بيان الطبعة
بيان الطبعة الاولى
260 ## - PUBLICATION, DISTRIBUTION, ETC. (IMPRINT)
تاريخ النشر أو التوزيع 2005
300 ## - الوصف المادى
التعداد 384 ص ؛
أبعاد الوعاء 32 سم
650 04 - المدخل الاضافى بالموضوع-مصطلح موضوعى
مصطلح موضوعي قناة السويس
650 04 - المدخل الاضافى بالموضوع-مصطلح موضوعى
مصطلح موضوعي قناة السويس - اقتصاديات
650 04 - المدخل الاضافى بالموضوع-مصطلح موضوعى
مصطلح موضوعي قناة السويس - تاريخ
942 ## - عناصر المدخل الإضافي( كوها)
مصدر التصنيف او مخطط الترفيف Dewey Decimal Classification
Koha [default] item type كتاب
260 ## - PUBLICATION, DISTRIBUTION, ETC. (IMPRINT)
-- القاهرة :
-- عين للدراسات والبحوث الانسانية والاجتماعية ،
Holdings
حالة التراجع حالة الفقد حالة تلف ليس للاعارة المكان المؤقت الموقع الحالى تاريخ الاكتساب اجمالي اﻻعارات رقم الطلب الباركود تاريخ اخر مشاهدة تاريخ تفعيل السعر نوع وعاء كوها
        مكتبة القاهرة الكبرى مكتبة القاهرة الكبرى 03/26/2014   ق\386.43\م ق 150344 03/26/2014 03/26/2014 كتاب
        مكتبة القاهرة الكبرى مكتبة القاهرة الكبرى 03/26/2014   ق\386.43\م ق 150345 03/26/2014 03/26/2014 كتاب

Powered By

EGPV